000 02159nam a2200445 c 4500
003 BLK
005 20241214102654.0
008 180408b bul|||||r ||||||| ||bul||
010 _aKNG00070223000
020 _a978-954-584-058-6
_bиздат.: Бард
040 _aBLK
041 _aBUL
_cBUL
080 _aАрхеология. Праисторически паметници - вж 903
_b902
_x
_z902
080 _aПаметници на културата на историческите периоди. Археологическите паметници. Старини
_b904
_x
_z904
080 _aИстория на цивилизацията. История на културата
_b930.85
_x
_z930.85
080 _aСтара и антична история (общо)
_b931/939
_x
_z931/939
100 1 _aКерам, Курт В.
_eпърви автор
_978269
700 1 _aКовачевски, Христо
_eпрев. от нем.
_9369397
139 _aКерам, Курт В.
_bК 52
245 1 0 _aБогове, гробници и учени
_bРоман за археологията
_cКурт В. Керам; прев. от нем. Христо Ковачевски.
250 _a4. изд.
257 _aDEU
260 София
_bБард
_c2006
_fПловдив : Багра ООД
300 _a448 с.
_bс ил., 24 л. : ил.
_c24 см
380 _a9
500 _aОриг. загл. Gotter. Graber und Gelehrte / C. W. Ceram. - Курт В. Керам псевд. на Курт В. Марек. - 1. изд. 1968 на изд. Бълг. художник. - Съдържа и Хронологически таблици. - Библиогр. с. 436-441
504 _a436-441
650 4 _aАрхеологически паметници
_9243363
650 4 _aАрхеология
_9147536
653 _aбогове
653 _aгробници
653 _aучени
653 _aархеология
852 _aЦб 230576
856 4 _qpdf
_u
856 4 _qpdf
_u
942 _cKNG
_n0
_07
944 _aCR
_c27.12.2006
_k30546
_lРенета Константинова
944 _aED
_c17.10.2008
_k
999 _c65940
_d65940